| 000 | 00432pab a2200169 454500 | ||
|---|---|---|---|
| 008 | 180718b2011 xxu||||| |||| 00| 0 eng d | ||
| 100 | _aMaconachie, Roy | ||
| 245 | _aArtisanal gold mining: A new frontier in post-conflict Sierra Leone? | ||
| 260 | _c2011 | ||
| 300 | _ap.595-616. | ||
| 362 | _aApr | ||
| 650 | _aMining | ||
| 700 | _aHilson, Gavin | ||
| 773 | _aJournal of Development Studies | ||
| 908 | _aN | ||
| 909 | _a91571 | ||
| 999 |
_c91571 _d91571 |
||